| 000 | 00809nac a22002171u 4500 | ||
|---|---|---|---|
| 010 | _a012963162 | ||
| 020 | _a0750663855 | ||
| 028 | _bwww.bl.uk. | ||
| 082 |
_a671.373 _bK1318 |
||
| 090 |
_c2885 _d2885 |
||
| 100 | _aKang, Suk Joong L. | ||
| 245 |
_aSintering : _bdensification, grain growth, and microstructure / _cSuk-Joong L. Kang. |
||
| 260 |
_aOxford : 2005. _bElsevier Butterworth-Heinemann, _c2005. |
||
| 300 |
_axii, 265 p. : _bill. ; _c 24 cm. |
||
| 500 | _aFormerly CIP. Uk | ||
| 504 | _aIncludes bibliographical references and index. | ||
| 650 | _aSintering. | ||
| 650 | _aSintering -- Problems, exercises, etc. | ||
| 942 |
_cBB _k671.373 K1318 |
||
| 999 |
_c2885 _d2885 |
||